Statistics for Renaissance Artists by Painting

Click here to take the quiz!

General Stats

  • This quiz has been taken 166 times
  • The average score is 7 of 15

Answer Stats

Answer% Correct
Leonardo da Vinci
87%
Michelangelo Buonarotti
80%
Raphael Sanzio
73%
Sandro Botticelli
69%
Jan Van Eyck (Arnolfini Wedding 1434)
66%
Masaccio (The Tribute Money, c. 1422)
57%
Fra Angelico (Archangel Gabriel Annunciate c. 1446)
55%
Giotto Bondone (The Lamentation, 1304)
51%
Titian
47%
Albrecht Durer
29%
Hieronymus Bosch
27%
Piero Della Francesca
20%
Giovanni Bellini
17%
Lucas Cranach, the elder
15%
Domenico Ghirlandaio
8%

Score Distribution

Percentile by Number Answered

Percent of People with Each Score

Your Score History

You have not taken this quiz